[Event "March Blitz"]
[Site "SchemingMind.com"]
[Date "2015.04.06"]
[Round "-"]
[White "David Perna-Fraser"]
[Black "GBEDARD"]
[Result "1-0"]
[WhiteCountry "CAN"]
[BlackCountry "USA"]
[WhiteElo "2257"]
[WhiteRD "56"]
[BlackElo "1970"]
[BlackRD "62"]
[GameID "377944"]

1. e4 d6 2. d4 Nf6 3. Nc3 g6 4. Be3 c6 5. Qd2 b5 6. f3 Bg7 7. h4 Nbd7 8. g4 h5 9. g5 Ng8 10. O-O-O Qa5
11. a3 Nb6 12. Nh3 Nc4 13. Bxc4 bxc4 14. Kb1 Rb8 15. Ka2 Rh7 16. Bf2 Qb6 17. Rb1 Qa5 18. Qe2 Ba6= 19. e5 c5 20. Rhe1 cxd4
21. Bxd4 Bb7 22. Qf2 Bc8 23. exd6 Bxd4 24. Qxd4 Bxh3 25. dxe7 Qb6 26. Qf4 Rb7 27. Nd5 Qb5 28. Qd6 Qd7 29. Qc5 Be6 30. Rbd1 c3
31. b3 a6 32. Nf6+
1-0

[Event "March Blitz"]
[Site "SchemingMind.com"]
[Date "2015.04.06"]
[Round "-"]
[White "GBEDARD"]
[Black "shg"]
[Result "0-1"]
[WhiteCountry "USA"]
[BlackCountry "POL"]
[WhiteElo "1970"]
[WhiteRD "62"]
[BlackElo "2314"]
[BlackRD "74"]
[GameID "377945"]

1. e4 c6 2. d4 d5 3. e5 Bf5 4. Nf3 e6 5. Be2 Ne7 6. O-O Nd7 7. Nbd2 Ng6 8. Nb3 Bg4 9. h3 Bxf3 10. Bxf3 Be7
11. Qe2 a5 12. a4 Qb6 13. Bd2 c5 14. dxc5 Nxc5 15. Nxc5 Bxc5 16. c4 d4 17. Rab1 Rd8 18. Qe1 Qc7 19. Bxa5 b6 20. Bd2 Nxe5
21. Bh5 O-O 22. b3 g6 23. Be2 d3 24. Bd1 Rd7 25. Bh6 Rfd8 26. Qd2 Rc8 27. Bf4 Qd6 28. Kh1 Bb4 29. Qe3 f6 30. Qg3 Bc3
31. Bf3 Qb4 32. Be4 d2 33. Rfd1 Rcd8 34. Qe3 Kg7 35. Bg3 Nf7 36. Bc6 Re7 37. Bf4 e5 38. Bg3 e4 39. Bd5 Nh6 40. Bh2 Nf5
41. Qf4 e3 42. Bf3 exf2 43. Be4 Rd4 44. Qxf2 Rdxe4 45. Bg1 Re1 46. Qf3 Qc5
0-1

[Event "March Blitz"]
[Site "SchemingMind.com"]
[Date "2015.04.06"]
[Round "-"]
[White "shg"]
[Black "GBEDARD"]
[Result "1/2-1/2"]
[WhiteCountry "POL"]
[BlackCountry "USA"]
[WhiteElo "2274"]
[WhiteRD "73"]
[BlackElo "2004"]
[BlackRD "63"]
[GameID "377946"]

1. d4 Nf6 2. c4 e6 3. Nf3 c5 4. d5 exd5 5. cxd5 d6 6. Nc3 g6 7. g3 Bg7 8. Bg2 O-O 9. O-O Re8 10. Nd2 a6
11. a4 Nbd7 12. h3 Rb8 13. Nc4 Ne5 14. Na3 Nh5 15. e4 Bd7 16. g4 b5 17. axb5 axb5 18. Naxb5 Bxb5 19. Nxb5 Rxb5 20. gxh5 c4
21. hxg6 hxg6 22. Ra4 Qe7 23. h4 Qxh4 24. Ra3 Nd3 25. Rxd3 cxd3 26. Qxd3 Reb8 27. Qh3 Qxh3 28. Bxh3 Bxb2 29. Bd2 Be5 30. Bg4 Rb1
31. Rxb1 Rxb1+ 32. Kg2 Kf8 33. Be3 Rb4 34. Kf3 Ke7 35. Bd2 Rb3+ 36. Ke2 Bd4 37. f3 f6 38. Bf4 Bb6 39. Bh3 Ba7 40. Be6 Bb6
41. Bh3 Bg1 42. Bg4 Bd4 43. Be6 Bc5 44. Bc1 Rc3 45. Bd2 Ra3 46. Bh3 Ba7 47. Bg4 Bd4 48. Bc1 Rc3 49. Bd2 Ra3 50. Bc1 Rb3
51. Bf4 Bc5 52. Bc1 g5 53. Bd2 Bd4 54. Bh5 Ra3 55. Bg4 Rb3 56. Bh5 Kd7 57. Kd1 Rb2 58. f4 gxf4 59. Bxf4 Bc3 60. Bg4+ Ke7
61. Bh3 Rf2 62. Bc1 Be5 63. Bf5 Bc3 64. Be3 Rg2 65. Bf4 Be5 66. Bc1 Bg3 67. Bh3 Ra2 68. Be3 Bh2 69. Be6 Bg1 70. Bd2 Bb6
71. Bg4 Ba5 72. Bc1 Rf2 73. Bf5 Rh2 74. Bf4 Ra2 75. Bg3 Bc3 76. Bh7=
1/2-1/2

[Event "March Blitz"]
[Site "SchemingMind.com"]
[Date "2015.04.06"]
[Round "-"]
[White "David Carter"]
[Black "shg"]
[Result "0-1"]
[WhiteCountry "USA"]
[BlackCountry "POL"]
[WhiteElo "2033"]
[WhiteRD "70"]
[BlackElo "2314"]
[BlackRD "74"]
[GameID "377947"]

1. Nf3 d5 2. c4 d4 3. e3 Nc6 4. b4 dxe3 5. fxe3 Nxb4 6. d4 c5 7. a3 Na6 8. Bd3 cxd4 9. exd4 g6 10. Ra2 Bg7
11. Be3 Nh6 12. Re2 Nf5 13. Bg5 h6 14. Bxf5 hxg5 15. Qa4+ Kf8 16. Bxc8 Rxc8 17. O-O g4 18. Ng5 Bf6
0-1

[Event "March Blitz"]
[Site "SchemingMind.com"]
[Date "2015.04.06"]
[Round "-"]
[White "shg"]
[Black "David Carter"]
[Result "1/2-1/2"]
[WhiteCountry "POL"]
[BlackCountry "USA"]
[WhiteElo "2274"]
[WhiteRD "73"]
[BlackElo "2049"]
[BlackRD "74"]
[GameID "377948"]

1. d4 d5 2. c4 e6 3. Nc3 Be7 4. Nf3 Nf6 5. Bg5 h6 6. Bh4 O-O 7. e3 Ne4 8. Bxe7 Qxe7 9. Rc1 c6 10. Bd3 Nxc3
11. Rxc3 dxc4 12. Bxc4 Nd7 13. O-O b6 14. Bd3 c5 15. Be4 Rb8 16. Qc2 Nf6 17. dxc5 Nxe4 18. Qxe4 bxc5 19. b3 Bb7 20. Qf4 Bxf3
21. Qxf3 Rfd8 22. Rc2 Rd5 23. Rfc1 Rbd8 24. g3 Rd2 25. h4 R8d5 26. h5 Qg5 27. Rxd2 Rxd2 28. Rc4 Rxa2 29. b4 Ra1+ 30. Kh2 Ra4
31. Rxc5 Qf6 32. Qa8+ Kh7 33. Qe4+ g6 34. hxg6+ Qxg6 35. Qf4 Kg7 36. Kg2 Qf6=
1/2-1/2

[Event "March Blitz"]
[Site "SchemingMind.com"]
[Date "2015.04.06"]
[Round "-"]
[White "Kent"]
[Black "shg"]
[Result "0-1"]
[WhiteCountry "USA"]
[BlackCountry "POL"]
[WhiteElo "2176"]
[WhiteRD "61"]
[BlackElo "2314"]
[BlackRD "74"]
[GameID "377949"]

1. d4 Nf6 2. c4 g6 3. Nc3 Bg7 4. e4 d6 5. f3 O-O 6. Be3 Nc6 7. Nge2 a6 8. Qd2 Bd7 9. g4 Na5 10. Ng3 Ne8
11. h4 c5 12. dxc5 dxc5 13. h5 Nd6 14. b3 b5 15. Rd1 Nc6 16. Bxc5 bxc4 17. Nd5 cxb3 18. axb3 Be6 19. hxg6 fxg6 20. Be2 Rf7
21. f4 Qb8 22. Nxe7+ Rxe7 23. Qxd6 Qe8 24. Qd2 Rd7 25. Qe3 Rb8 26. O-O Rxb3 27. Qf2 Rc3 28. Be3 Rb7 29. Rfe1 Rbb3 30. Nf1 Qc8
31. f5 Bf7 32. g5 Qe8 33. f6 Bf8 34. Qf4 a5 35. Ra1 Rb4
0-1

[Event "March Blitz"]
[Site "SchemingMind.com"]
[Date "2015.04.06"]
[Round "-"]
[White "shg"]
[Black "Kent"]
[Result "1-0"]
[WhiteCountry "POL"]
[BlackCountry "USA"]
[WhiteElo "2314"]
[WhiteRD "74"]
[BlackElo "2176"]
[BlackRD "61"]
[GameID "377950"]

1. d4 d5 2. c4 c6 3. Nf3 Nf6 4. Nc3 dxc4 5. a4 Bg4 6. Ne5 Bh5 7. f3 Nfd7 8. Nxc4 e5 9. Be3 Bb4 10. g4 Bg6
11. dxe5 Qe7 12. Nd6+ Kf8 13. f4 Na6 14. Bg2 Nxe5 15. fxe5 Qxe5 16. Nf5 Bxf5 17. Bd4 Qf4 18. gxf5 Rd8 19. e3 Qh4+ 20. Ke2 c5
21. Nd5 cxd4 22. Qxd4 Qxd4 23. exd4 h5 24. Rac1 Rh6 25. f6 g5 26. Nxb4 Nxb4 27. Rhf1 Ke8 28. Rc7 Rd7 29. Rxb7 Rxb7 30. Bxb7 h4
31. h3 Kd7 32. Rf5 Nc6 33. Bxc6+ Kxc6 34. Kf3 Rg6 35. Kg4 a6 36. b4 Kc7 37. Rf2 Kc6 38. Rc2+ Kd7 39. Kf5 Rg8 40. Rg2 Kd6
41. Rxg5
1-0

[Event "March Blitz"]
[Site "SchemingMind.com"]
[Date "2015.04.06"]
[Round "-"]
[White "Stephen Woodhouse"]
[Black "shg"]
[Result "0-1"]
[WhiteCountry "ENG"]
[BlackCountry "POL"]
[WhiteElo "1873"]
[WhiteRD "50"]
[BlackElo "2314"]
[BlackRD "74"]
[GameID "377951"]

1. e4 e6 2. d4 d5 3. Nd2 dxe4 4. Nxe4 Nd7 5. Nf3 Ngf6 6. Bd3 Nxe4 7. Bxe4 Nf6 8. Bg5 Qd6 9. Bd3 Be7 10. Qd2 Bd7
11. O-O-O O-O-O 12. Rhe1 h6 13. Bf4 Qb6 14. Be3 Nd5 15. c4 Bb4
0-1

[Event "March Blitz"]
[Site "SchemingMind.com"]
[Date "2015.04.06"]
[Round "-"]
[White "shg"]
[Black "Stephen Woodhouse"]
[Result "1-0"]
[WhiteCountry "POL"]
[BlackCountry "ENG"]
[WhiteElo "2314"]
[WhiteRD "74"]
[BlackElo "1873"]
[BlackRD "50"]
[GameID "377952"]

1. d4 e6 2. c4 d5 3. Nc3 c5 4. cxd5 exd5 5. Nf3 c4 6. e4 Bb4 7. exd5 Qxd5 8. Be2 Nf6 9. O-O Bxc3 10. bxc3 O-O
11. Ne5 Nc6 12. Ba3 Re8 13. Bxc4
1-0

[Event "March Blitz"]
[Site "SchemingMind.com"]
[Date "2015.04.06"]
[Round "-"]
[White "frankly"]
[Black "shg"]
[Result "1-0"]
[WhiteCountry "ENG"]
[BlackCountry "POL"]
[WhiteElo "2421"]
[WhiteRD "63"]
[BlackElo "2314"]
[BlackRD "74"]
[GameID "377953"]

1. d4 Nf6 2. Nf3 e6 3. Bf4 c5 4. e3 d5 5. c4 cxd4 6. exd4 Be7 7. Nc3 O-O 8. Bd3 dxc4 9. Bxc4 Nc6 10. O-O b6
11. a3 Na5 12. Ba2 Ba6 13. Re1 Bc4 14. Bxc4 Nxc4 15. Bg3 Nd5 16. Qe2 Nxc3 17. Qxc4 Nd5 18. Rac1 a5 19. Qb5 Qe8 20. Qe2 b5
21. Ne5 b4 22. Nc6 bxa3 23. Nxe7+ Qxe7 24. Rc5 Qb7 25. bxa3 Qb3 26. Be5 Qxa3 27. h4 Rfc8 28. Qg4 g6 29. h5 Qd3 30. hxg6 Qxg6
31. Qh3 h6 32. Ra1 Kh7 33. Ra3 Ne7 34. Rg3 Rxc5 35. dxc5 Qb1+ 36. Kh2 Nf5 37. Qg4 Qb4 38. Qf3 Rf8 39. c6 Qc5 40. Qe4 f6
41. Bc3 Qd5 42. Re3 Kg7 43. Qxd5 exd5 44. Rf3 Kg6 45. c7 Ne7 46. Kg1 h5 47. Kf1 d4 48. Bxa5 Ra8 49. Ra3 Kf7 50. Ke2 Ke6
51. Ra4 Kd5 52. Kd3 Kc6 53. Ra3 Kd7 54. Bb4 Re8 55. Bxe7 Rxe7 56. Kxd4 Re2 57. Rf3 Kxc7 58. Rxf6 h4 59. Rf7+ Kc8 60. Rf4 Kd7
61. Kd3 Rb2 62. Ke4 Rb3 63. Rf3 Rb8 64. Rh3 Ke6 65. f4 Rb2 66. Kf3 Kf5 67. Rxh4
1-0

[Event "March Blitz"]
[Site "SchemingMind.com"]
[Date "2015.04.06"]
[Round "-"]
[White "shg"]
[Black "frankly"]
[Result "1/2-1/2"]
[WhiteCountry "POL"]
[BlackCountry "ENG"]
[WhiteElo "2314"]
[WhiteRD "74"]
[BlackElo "2421"]
[BlackRD "63"]
[GameID "377954"]

1. d4 Nf6 2. c4 e6 3. Nc3 Bb4 4. e3 b6 5. Ne2 Ne4 6. Bd2 Nxd2 7. Qxd2 O-O 8. a3 Be7 9. g3 Ba6 10. b3 Nc6
11. Bg2 Na5 12. Qc2 c6 13. c5 f5 14. b4 Nc4 15. O-O Rb8 16. Rfd1 Qc7 17. Na4 Qc8 18. Bf1 bxc5 19. Nxc5 Nd6 20. Nxa6 Qxa6
21. Nf4 Qc8 22. Qa4 Ne4 23. Rac1 Qd8 24. Nd3 Bd6 25. Ne5 Nf6 26. b5 cxb5 27. Bxb5 Rb7 28. Rc2 a6 29. Be2 Qb8 30. Nc4 Be7
31. Rdc1 Rc8 32. Na5 Rbc7 33. Rxc7 Rxc7 34. Rxc7 Qxc7 35. Nc4 d5 36. Ne5 a5 37. g4 Kf8 38. gxf5 exf5 39. Kg2 g6 40. h3 Bd6
41. Bf3 Kg7 42. Qb5 Bxa3 43. Bxd5 Nxd5 44. Qxd5 a4 45. Qb5 Qa7 46. Nc6 Qa8 47. Qe5+ Kg8 48. Qe6+ Kf8 49. Kf3 Qe8 50. Qc4 Qa8
51. Qd5 Qb7 52. Qc4 Qb3 53. Qa6 Kg7 54. Qa7+ Kg8 55. Ne5 Bf8 56. Qa8 a3 57. Nd7 Qf7 58. Nxf8 Qxf8 59. Qb7 Qd6 60. Ke2 f4
61. exf4 Kf8 62. Kf1 h5 63. d5 h4 64. Qc8+ Kf7 65. Qb7+ Kf6 66. Qc8 Kg7 67. Qc4 Kg8=
1/2-1/2

[Event "March Blitz"]
[Site "SchemingMind.com"]
[Date "2015.04.06"]
[Round "-"]
[White "David Perna-Fraser"]
[Black "shg"]
[Result "1/2-1/2"]
[WhiteCountry "CAN"]
[BlackCountry "POL"]
[WhiteElo "2257"]
[WhiteRD "56"]
[BlackElo "2314"]
[BlackRD "74"]
[GameID "377955"]

1. d4 Nf6 2. c4 e6 3. Nc3 Bb4 4. Qc2 O-O 5. a3 Bxc3+ 6. Qxc3 b6 7. Nf3 Bb7 8. g3 d6 9. Bg2 Nbd7 10. O-O c5
11. Rd1 Qc7 12. b3 cxd4 13. Nxd4 Bxg2 14. Kxg2 d5 15. Bb2 Rac8 16. Rac1 dxc4 17. bxc4 a6 18. f3 Nc5 19. Qb4 Nfd7 20. Nb3 e5
21. Nxc5 Nxc5 22. Rb1 Nb7 23. Bc3 b5 24. Rbc1 Qxc4 25. Qxc4 Rxc4 26. Bxe5 Re8 27. Rxc4 bxc4 28. Rd7 Rxe5 29. Rxb7 Rxe2+ 30. Kf1 Re8
31. Rc7 h5 32. Kf2 Rb8 33. Rxc4 Rb2+ 34. Kg1 Rb3 35. Ra4 Rxf3 36. Rxa6 Rc3 37. a4=
1/2-1/2

[Event "March Blitz"]
[Site "SchemingMind.com"]
[Date "2015.04.06"]
[Round "-"]
[White "shg"]
[Black "David Perna-Fraser"]
[Result "1/2-1/2"]
[WhiteCountry "POL"]
[BlackCountry "CAN"]
[WhiteElo "2314"]
[WhiteRD "74"]
[BlackElo "2257"]
[BlackRD "56"]
[GameID "377956"]

1. d4 f5 2. g3 Nf6 3. Bg2 e6 4. Nf3 Be7 5. O-O O-O 6. c4 d6 7. Nc3 Ne4 8. Qd3 Nxc3 9. Qxc3 Nd7 10. Rd1 Nf6
11. Qb3 a5 12. Ne1 Ne4 13. Qc2 b6 14. Bxe4 fxe4 15. Qxe4 d5 16. Qc2 dxc4 17. Qxc4 Bd6 18. e4 Qf6 19. f4 Qg6 20. e5 Bb4
21. Qxc7 Ba6 22. Bd2 Be2 23. Bxb4 Rfc8 24. Qd6 Bxd1 25. Rxd1 axb4 26. Qxb4 Rxa2 27. Qb3 Raa8 28. d5 exd5 29. Rxd5 Qf7 30. Kf2 Rd8
31. Rxd8+ Rxd8 32. Qxb6 Rd2+ 33. Ke3 Rxh2 34. e6 Qf6 35. Nd3 h5 36. Nf2 g5 37. Kf3 gxf4 38. gxf4 Rxf2+ 39. Qxf2 Qxe6 40. Kg2 Kf7
41. Qf3 Qg6+ 42. Kh3 Qf5+ 43. Kh4 Qf6+ 44. Kh3 Qxb2 45. Qxh5+=
1/2-1/2